Manual of clinical problems in pulmonary medicine : (Record no. 4128)
[ view plain ]
| 000 -LEADER | |
|---|---|
| fixed length control field | 00847cam a2200241 i 4500 |
| 003 - CONTROL NUMBER IDENTIFIER | |
| control field | OSt |
| 005 - DATE AND TIME OF LATEST TRANSACTION | |
| control field | 20220318074822.0 |
| 008 - FIXED-LENGTH DATA ELEMENTS--GENERAL INFORMATION | |
| fixed length control field | 800721s1980 mau b 001 0 eng |
| 020 ## - INTERNATIONAL STANDARD BOOK NUMBER | |
| International Standard Book Number | 0316102644 : |
| 040 ## - CATALOGING SOURCE | |
| Transcribing agency | ALUPE UNIVERSITY COLLEGE |
| 050 00 - LIBRARY OF CONGRESS CALL NUMBER | |
| Classification number | RC756 |
| Item number | .M26 1980 |
| 245 00 - TITLE STATEMENT | |
| Title | Manual of clinical problems in pulmonary medicine : |
| Remainder of title | with annotated key references / |
| Statement of responsibility, etc. | edited by Richard A. Bordow, Edward W. Stool, Kenneth M. Moser. |
| 250 ## - EDITION STATEMENT | |
| Edition statement | 1st ed. |
| 260 ## - PUBLICATION, DISTRIBUTION, ETC. | |
| Place of publication, distribution, etc. | Boston : |
| Name of publisher, distributor, etc. | Little, Brown, |
| Date of publication, distribution, etc. | c1980. |
| 300 ## - PHYSICAL DESCRIPTION | |
| Extent | xix, 535 p. ; |
| Dimensions | 22 cm. |
| 504 ## - BIBLIOGRAPHY, ETC. NOTE | |
| Bibliography, etc. note | Includes bibliographical references and index. |
| 650 #0 - SUBJECT ADDED ENTRY--TOPICAL TERM | |
| Topical term or geographic name entry element | Lungs |
| General subdivision | Diseases |
| -- | Handbooks, manuals, etc. |
| 700 1# - ADDED ENTRY--PERSONAL NAME | |
| Personal name | Bordow, Richard A. |
| 700 1# - ADDED ENTRY--PERSONAL NAME | |
| Personal name | Stool, Edward W. |
| 700 1# - ADDED ENTRY--PERSONAL NAME | |
| Personal name | Moser, Kenneth M., |
| Dates associated with a name | 1929- |
| 906 ## - LOCAL DATA ELEMENT F, LDF (RLIN) | |
| a | 7 |
| b | cbc |
| c | orignew |
| d | 2 |
| e | opcn |
| f | 19 |
| g | y-gencatlg |
| 942 ## - ADDED ENTRY ELEMENTS (KOHA) | |
| Source of classification or shelving scheme | |
| Koha item type | Book |
| Suppress in OPAC | PW |
| Withdrawn status | Lost status | Source of classification or shelving scheme | Damaged status | Not for loan | Permanent Location | Current Location | Shelving location | Date acquired | Source of acquisition | Total Checkouts | Full call number | Barcode | Date last seen | Copy number | Price effective from | Koha item type | Public note |
|---|---|---|---|---|---|---|---|---|---|---|---|---|---|---|---|---|---|
| AU LIBRARY | AU LIBRARY | Open Shelf | 18.03.2022 | DONATION FROM MOI UNIVERSITY | RC756 .M26 1980 C1 | 28005752 | 18.03.2022 | 1 | 18.03.2022 | Book | PW | ||||||
| AU LIBRARY | AU LIBRARY | Open Shelf | 31.03.2022 | DONATION FROM MOI UNIVERSITY | RC756 .M26 1980 C2 | 28011830 | 31.03.2022 | 2 | 31.03.2022 | Book | WO |